000 00759nam a22002177a 4500
001 13842
003 BD-JhCC
005 20240422100826.0
008 180206s1991 b |||| ||a| 000 0 b d
035 _a(BD-JhCC)13842
040 _aBD-JhCC
_dBD-JhCC
041 _abengali
082 _a954.9205
_bCHU 1991
100 _aওসমান চৌধুরী, আবু
245 _a এবারের সংগ্রাম স্বাধীনতার সংগ্রাম /
_cসিকদার আবুল বাশার
260 _aঢাকা :
_bসেবা পাবলিশার্স,
_c১৯৯১.
300 _a৪৮১ পৃ:
_c২২ সেমি.
650 _aRevolution(1971)
_zBangladesh
942 _2ddc
_cBK
999 _c13842
_d13842